The University of York index of private rents and yields. -( First quarter 1999 - Fourth quarter 1999) (Record no. 99621)

MARC details
000 -LEADER
fixed length control field 00763cam a2200265 4500
001 - CONTROL NUMBER
control field J99704
008 - FIXED-LENGTH DATA ELEMENTS--GENERAL INFORMATION
fixed length control field 000000n1999 000 0 eng u
022 ## - INTERNATIONAL STANDARD SERIAL NUMBER
International Standard Serial Number 13666274
035 ## - SYSTEM CONTROL NUMBER
System control number (Sirsi) u100149
041 ## - LANGUAGE CODE
Language code of text/sound track or separate title ENG
050 ## - LIBRARY OF CONGRESS CALL NUMBER
Classification number 333.33016
110 ## - MAIN ENTRY--CORPORATE NAME
Corporate name or jurisdiction name as entry element University of York
9 (RLIN) 539
245 #4 - TITLE STATEMENT
Title The University of York index of private rents and yields. -( First quarter 1999 - Fourth quarter 1999)
260 ## - PUBLICATION, DISTRIBUTION, ETC.
Place of publication, distribution, etc. York
Name of publisher, distributor, etc. University of York
Date of publication, distribution, etc. 1999
300 ## - PHYSICAL DESCRIPTION
Extent 4pt. ; 30cm.
650 ## - SUBJECT ADDED ENTRY--TOPICAL TERM
Topical term or geographic name entry element ASSOCIATION OF RESIDENTIAL LETTING AGENTS
650 ## - SUBJECT ADDED ENTRY--TOPICAL TERM
Topical term or geographic name entry element HALIFAX PLC
650 ## - SUBJECT ADDED ENTRY--TOPICAL TERM
Topical term or geographic name entry element PRIVATE SECTOR RENTS
650 ## - SUBJECT ADDED ENTRY--TOPICAL TERM
Topical term or geographic name entry element RENT INDICES
650 ## - SUBJECT ADDED ENTRY--TOPICAL TERM
Topical term or geographic name entry element RENT OFFICER SERVICE
650 ## - SUBJECT ADDED ENTRY--TOPICAL TERM
Topical term or geographic name entry element RESIDENTIAL PROPERTY
9 (RLIN) 6266
650 ## - SUBJECT ADDED ENTRY--TOPICAL TERM
Topical term or geographic name entry element YIELDS
690 ## - LOCAL SUBJECT ADDED ENTRY--TOPICAL TERM (OCLC, RLIN)
Topical term or geographic name as entry element HOUSING
942 ## - ADDED ENTRY ELEMENTS (KOHA)
Suppress in OPAC 0
Holdings
Withdrawn status Lost status Source of classification or shelving scheme Damaged status Not for loan Home library Current library Shelving location Date acquired Total Checkouts Full call number Barcode Date last seen Copy number Price effective from Koha item type
    Dewey Decimal Classification     London London Property market reports 13/10/1999   PROPERTY MARKET REPORTS 30058749 06/08/2019 1 06/08/2019 Reference material
    Dewey Decimal Classification     London London Property market reports 13/10/1999   PROPERTY MARKET REPORTS 30059485 06/08/2019 2 06/08/2019 Reference material
    Dewey Decimal Classification     London London Property market reports 08/02/2000   PROPERTY MARKET REPORTS 30060512 06/08/2019 3 06/08/2019 Reference material
    Dewey Decimal Classification     London London Property market reports 14/06/2000   PROPERTY MARKET REPORTS 30061414 06/08/2019 4 06/08/2019 Reference material